00571nam a2200145Ia 4500008004100000020001800041100002200059245011000081260002600191300002000217500002800237650006300265952008000328999001700408120720s9999 xx 000 0 und d a968-5507-49-x aBD232 V35.E5 2003 aValores Auroch : como enseñar los valores humanos / Gíl León Encíso, José Antonio Andrade Reyes aMéxico : Lukambanda a127 p. / 21 cm. aincluyte bibliografía a1. Valores (Filosofía). 2. Toma de decisiones. ÌÌ 00104070a03b03d2001-05-15l0p03 005430r2012-07-20t1w2012-07-20yLB c80832d80832